Bari

Bibliographic Details
Main Author: Dancák, František, 1939-2018 (Author)
Format: Article
Language:Slovak
PhysicalDescription:Fotogr.
ISSN:1335-7492
Subjects:

MARC

LEADER 00000nab a2200000 a 4500
001 vtls008952287
003 SK-MaSNL
005 20260304140157.0
008 250505c2007 xo er|p|||||||000 b|slo
015 |a SNBR2007/03  |2 snkbucl 
035 |a (uuid)b4ac6933-d5e6-42b2-bccf-c0364cc84f2a 
035 |a urn:nbn:sk:snk-abd5c4 
035 |a (urnnbn)urn:nbn:sk:snk:ar-002uhj 
038 |a SNKBUCL 
040 |a SNKBUCL  |b slo  |c SNKBUCL  |e AACR2 
041 0 |a slo 
044 |a xo  |c SK 
080 |a 248.153.8(450)  |2 2001 
100 1 |a Dancák, František,  |d 1939-2018  |4 aut  |9 99141 
245 1 0 |a Bari  |c František Dancák 
300 |b Fotogr. 
650 0 7 |a púte  |2 snkbucl  |9 1968 
650 0 7 |a pútnické miesta  |2 snkbucl  |9 3031 
651 7 |a Bari (Taliansko)  |2 snkbucl  |9 99081 
773 0 |t Slovo : časopis gréckokatolíckej cirkvi  |g Roč. XXXIV, č. 1 (2007), s. 2  |x 1335-7492 
850 |a Slovenská národná knižnica 
852 |a Slovenská národná knižnica 
954 |a odborná, vedecká literatúra pôvodná (slovenská)  |2 lita 
958 |a article17 
958 |a OND 
958 |a IT 
958 |a EUIPO 
999 |c 2914014  |d 2915944